Pingulala General Knowledge 1 (Normal) - Statistics

General Stats
  • This quiz has been taken 20 times
  • The average score is 17 of 20
Answer Stats
Hint Answer % Correct
What type of animal is the Komodo dragon? Lizard
100%
What is the smallest country in the world by land area? Vatican City
100%
What is the longest river in South America? Amazon River
95%
In which country is the Great Barrier Reef located? Australia
95%
In which country did the Olympic Games originate? Greece
95%
Which element has the atomic number 1? Hydrogen
95%
What is the capital of Canada? Ottawa
95%
Who painted the famous artwork The Starry Night? Vincent van Gogh
95%
Who was the first woman to fly solo across the Atlantic Ocean? Amelia Earhart
89%
Which element has the chemical symbol "Ag"? Silver
89%
What is the name of the fairy in Peter Pan? Tinker Bell
89%
Which animal is the largest species of cat? Tiger
84%
Who wrote Pride and Prejudice? Jane Austen
79%
In which country would you find the historic city of Petra? Jordan
79%
Who wrote The Lord of the Rings? J.R.R. Tolkien
79%
What is the largest landlocked country in the world by area? Kazakhstan
74%
What is the name of the toy cowboy in the Toy Story movies? Woody
74%
Which country was the first to give women the right to vote? New Zealand
68%
Which country has the most pyramids in the world? Sudan
68%
Which is the longest river in Europe? Volga River
68%
No matching quizzes found
Score Distribution
Percent of People with Each Score
Percentile by Number Answered
Your Score History
You have not taken this quiz